000 00525 a2200169 4500
003 OSt
005 20260324144331.0
008 231028b |||||||| |||| 00| 0 eng d
020 _a9789354328169
040 _coclc
082 _a889.33
_bKAZ/V
100 _aKazantzakis, Nikos
_96143
245 _a VEENDUM KURISHILETTAPPETTA CHRISTHU = Christ recrucified /
_cNikos Kazantzakis
260 _aKottayam:
_bD C Books,
_c2021.
300 _a584p,
_c21 cm
942 _2ddc
_cBK
_h889.33
_iKAZ/V
_k889.33
_mKAZ/V
999 _c42925
_d42925